[Event "Hasselbacken Open 2016"]
[Site "Stockholm SWE"]
[Date "2016.04.30"]
[Round "1.1"]
[White "Jakenberg, Jussi"]
[Black "Andreikin, Dmitry"]
[Result "0-1"]
[BlackTitle "GM"]
[WhiteElo "2036"]
[BlackElo "2736"]
[WhiteFideId "1710931"]
[BlackFideId "4158814"]
[EventDate "2016.04.30"]

1. e4 c5 2. Nf3 Nc6 3. c3 Nf6 4. e5 Nd5 5. d4 cxd4 6. cxd4 d6 7. Bc4 dxe5 8.
dxe5 Ndb4 9. Qb3 e6 10. O-O Bd7 11. Na3 Na5 12. Qd1 Nxc4 13. Nxc4 Bb5 14. b3
Bxc4 15. bxc4 Qxd1 16. Rxd1 Rc8 17. Be3 Nc2 18. Rac1 Nxe3 19. fxe3 Bc5 20. Kf2
Ke7 21. Ke2 Rc6 22. Nd4 Ra6 23. Rc2 Rc8 24. Kd3 Ra3+ 25. Ke4 Ra4 26. Kd3 Ke8 27.
Rb1 b6 28. Rb3 g6 29. Nb5 Bf8 30. Nd4 Bg7 31. Nf3 Rd8+ 32. Ke2 h6 33. h3 Rc8 34.
Kd3 Rc5 35. Rb5 Ra5 36. Rxa5 Rxa5 37. Ke4 Rc5 38. Kd4 Kd7 39. Ke4 Kc6 40. Nd4+
Kb7 41. Nf3 b5 42. Kd3 Kb6 43. Rc3 Bxe5 44. Nxe5 Rxe5 45. cxb5 Rd5+ 46. Ke2 Rxb5
47. Rc2 Rc5 48. Rb2+ Kc7 49. Kd3 Ra5 50. Ke4 f5+ 51. Kf3 e5 52. g4 Ra3 53. gxf5
gxf5 54. Kf2 Kd6 55. Rd2+ Ke6 56. Rc2 Kf6 57. h4 Kg6 58. Rc5 e4 59. Rc6+ Kh5 60.
Rf6 Kg4 61. Rg6+ Kxh4 62. Rxh6+ Kg5 63. Rh8 Rxa2+ 64. Kg3 Re2 0-1

[Event "Hasselbacken Open 2016"]
[Site "Stockholm SWE"]
[Date "2016.04.30"]
[Round "1.2"]
[White "Shirov, Alexei"]
[Black "Saren, Bjorn"]
[Result "1-0"]
[WhiteTitle "GM"]
[WhiteElo "2686"]
[BlackElo "2032"]
[WhiteFideId "2209390"]
[BlackFideId "1712071"]
[EventDate "2016.04.30"]

1. d4 f5 2. g3 d6 3. Bg2 g6 4. h4 Bg7 5. h5 Nh6 6. Nc3 c6 7. Bxh6 Bxh6 8. hxg6
hxg6 9. Qc1 Bg7 10. Rxh8+ Bxh8 11. Qh6 Bxd4 12. Qxg6+ Kd7 13. Qxf5+ Kc7 14. Qd3
Bg7 15. Nf3 Na6 16. O-O-O Nc5 17. Qe3 Qf8 18. Nd4 a6 19. f4 e5 20. Nb3 exf4 21.
gxf4 Ne6 22. Rf1 Bh6 23. Qd2 Nxf4 24. e3 Nxg2 25. Nd5+ 1-0

[Event "Hasselbacken Open 2016"]
[Site "Stockholm SWE"]
[Date "2016.04.30"]
[Round "1.3"]
[White "Schoonackers, Jeroen"]
[Black "Almasi, Zoltan"]
[Result "0-1"]
[BlackTitle "GM"]
[WhiteElo "2032"]
[BlackElo "2682"]
[WhiteFideId "1034863"]
[BlackFideId "702293"]
[EventDate "2016.04.30"]

1. d4 Nf6 2. c4 e6 3. Nc3 Bb4 4. e3 b6 5. Ne2 c5 6. a3 Ba5 7. Rb1 Qe7 8. Bd2
Bxc3 9. Nxc3 Bb7 10. f3 O-O 11. Bd3 cxd4 12. exd4 Nc6 13. Be3 d5 14. cxd5 Nxd5
15. Nxd5 exd5 16. Kf2 Qh4+ 17. g3 Qf6 18. Re1 Na5 19. b3 Bc8 20. Qc2 h6 21. Kg2
Bd7 22. Rbc1 Rac8 23. Qb1 Rxc1 24. Rxc1 Bh3+ 25. Kf2 Re8 26. Rc7 Nc6 27. Qb2 Qd6
28. Bf4 Qe6 29. Bd2 Qf6 30. Be3 Bg4 31. Be2 Ne7 32. Bf4 Ng6 33. Qd2 Bf5 34. Rxa7
Qe6 35. Be3 Rc8 36. Bd3 Bxd3 37. Qxd3 Qh3 38. Kg1 h5 39. Rb7 h4 40. Qf1 Qe6 41.
Qd3 hxg3 42. hxg3 Qh3 43. Kf2 Qh2+ 0-1

[Event "Hasselbacken Open 2016"]
[Site "Stockholm SWE"]
[Date "2016.04.30"]
[Round "1.4"]
[White "Postny, Evgeny"]
[Black "Sjodin, Bengt"]
[Result "1-0"]
[WhiteTitle "GM"]
[WhiteElo "2673"]
[BlackElo "2031"]
[WhiteFideId "2804344"]
[BlackFideId "1702483"]
[EventDate "2016.04.30"]

1. d4 e6 2. c4 b6 3. e4 Bb4+ 4. Bd2 Bxd2+ 5. Qxd2 Ne7 6. Nc3 d5 7. Nf3 O-O 8.
O-O-O c6 9. h4 Nd7 10. h5 c5 11. h6 g6 12. dxc5 Qc7 13. exd5 exd5 14. Qd4 f6 15.
Nxd5 1-0

[Event "Hasselbacken Open 2016"]
[Site "Stockholm SWE"]
[Date "2016.04.30"]
[Round "1.5"]
[White "Lonnqvist, Henrik"]
[Black "Smirin, Ilia"]
[Result "0-1"]
[BlackTitle "GM"]
[WhiteElo "2030"]
[BlackElo "2665"]
[WhiteFideId "505137"]
[BlackFideId "2801990"]
[EventDate "2016.04.30"]

1. e4 c5 2. Nf3 e6 3. c3 Nf6 4. e5 Nd5 5. d4 cxd4 6. cxd4 b6 7. Bd3 Bb7 8. a3 d6
9. O-O Nd7 10. Re1 Be7 11. Qe2 Qc7 12. Bd2 dxe5 13. Rc1 Qd8 14. dxe5 O-O 15. b4
a5 16. Nc3 axb4 17. Nxd5 Bxd5 18. axb4 Rxa1 19. Rxa1 Bxf3 20. gxf3 Nxe5 21. Be4
Bd6 22. Qb5 Qh4 23. Qxb6 Nc4 24. Qd4 Qxh2+ 25. Kf1 Nxd2+ 26. Qxd2 Qh1+ 27. Ke2
Qxa1 28. Qxd6 g6 29. Bc6 h5 30. b5 h4 31. Qe7 h3 32. Qh4 h2 33. Qxh2 Rd8 34. f4
Qd1+ 0-1

[Event "Hasselbacken Open 2016"]
[Site "Stockholm SWE"]
[Date "2016.04.30"]
[Round "1.6"]
[White "Adhiban, Baskaran"]
[Black "Nilsson, Christer 1950"]
[Result "1-0"]
[WhiteTitle "GM"]
[WhiteElo "2663"]
[BlackElo "2018"]
[WhiteFideId "5018471"]
[BlackFideId "1709631"]
[EventDate "2016.04.30"]

1. e4 e6 2. d4 d5 3. Nd2 Nf6 4. e5 Nfd7 5. f4 c5 6. c3 Nc6 7. Ndf3 Qb6 8. a3 a5
9. b3 cxd4 10. cxd4 Be7 11. h4 f6 12. Bd3 Nf8 13. Ne2 Bd7 14. Kf2 Rc8 15. h5 Na7
16. b4 Bb5 17. bxa5 Qxa5 18. Bd2 Qa6 19. Bxb5+ Nxb5 20. Qb3 fxe5 21. fxe5 Nd7
22. Rhb1 Nc7 23. Qxb7 O-O 24. Nf4 Qa4 25. Rc1 1-0

[Event "Hasselbacken Open 2016"]
[Site "Stockholm SWE"]
[Date "2016.04.30"]
[Round "1.7"]
[White "Wahlund, Max"]
[Black "Tkachiev, Vladislav"]
[Result "0-1"]
[BlackTitle "GM"]
[WhiteElo "2023"]
[BlackElo "2660"]
[WhiteFideId "1741861"]
[BlackFideId "618438"]
[EventDate "2016.04.30"]

1. e4 d6 2. c4 g6 3. d4 Bg7 4. Be3 c5 5. Nc3 cxd4 6. Bxd4 Nf6 7. Nd5 Nbd7 8. f3
O-O 9. Ne2 Ne5 10. Nec3 Nh5 11. Qd2 e6 12. Nb4 Bd7 13. c5 Qa5 14. Bxe5 Bxe5 15.
Nd3 Bd4 16. Rd1 dxc5 17. Nxc5 Bxc5 18. Qxd7 Rad8 19. Qb5 Qc7 20. g3 Nxg3 0-1

[Event "Hasselbacken Open 2016"]
[Site "Stockholm SWE"]
[Date "2016.04.30"]
[Round "1.8"]
[White "Sethuraman, S.P."]
[Black "Fossan, Andreas"]
[Result "1-0"]
[WhiteTitle "GM"]
[WhiteElo "2658"]
[BlackElo "2021"]
[WhiteFideId "5021596"]
[BlackFideId "1516108"]
[EventDate "2016.04.30"]

1. e4 c6 2. d4 d5 3. e5 c5 4. dxc5 Nc6 5. a3 e6 6. Nf3 Bxc5 7. b4 Bb6 8. Bb2
Nge7 9. Bd3 Ng6 10. g3 Bd7 11. Qe2 O-O 12. Nbd2 f6 13. exf6 gxf6 14. c4 dxc4 15.
Nxc4 e5 16. Rd1 Nd4 17. Nxd4 Bxd4 18. Bxd4 exd4 19. O-O Bc6 20. Na5 Ba4 21. Rd2
Re8 22. Qg4 Re5 23. f4 Bd7 24. Qd1 Re7 25. Nxb7 Qb6 26. Nc5 a5 27. Qh5 axb4 28.
Qd5+ Kg7 29. Nxd7 1-0

[Event "Hasselbacken Open 2016"]
[Site "Stockholm SWE"]
[Date "2016.04.30"]
[Round "1.9"]
[White "Bjorkman, Filip"]
[Black "Predojevic, Borki"]
[Result "0-1"]
[BlackTitle "GM"]
[WhiteElo "2014"]
[BlackElo "2654"]
[WhiteFideId "1734970"]
[BlackFideId "930849"]
[EventDate "2016.04.30"]

1. e4 c5 2. c3 d5 3. exd5 Qxd5 4. d4 Nc6 5. Nf3 Bf5 6. Be3 Nf6 7. h3 cxd4 8.
Nxd4 g6 9. Qb3 Nxd4 10. Bxd4 Qe4+ 11. Be3 Be6 12. Nd2 Qxe3+ 13. fxe3 Bxb3 14.
axb3 Bh6 15. Bb5+ Kf8 16. Kf2 Kg7 17. Rhd1 Rhd8 18. Nf1 a6 19. Be2 Ne4+ 20. Ke1
Nd6 21. Bf3 Rac8 22. Rd2 Rc5 23. Rd5 Rdc8 24. Rad1 b6 25. Rxc5 Rxc5 26. Rd5 Rc7
27. Rd1 a5 28. Ke2 f5 29. g4 Kf6 30. Ng3 Rc5 31. Rd5 Rxd5 32. Bxd5 e6 33. Bf3
Kg5 34. Nh1 Kh4 35. Nf2 Bg7 36. gxf5 exf5 37. e4 fxe4 38. Nxe4 Nxe4 39. Bxe4
Kxh3 40. Kf3 Kh4 41. Bd3 Bf8 42. Be4 Kg5 43. Bd3 Kf6 44. Be4 h5 45. Bc6 g5 46.
Be8 g4+ 47. Kg2 h4 48. b4 axb4 49. cxb4 Bxb4 50. b3 Kg5 51. Bb5 h3+ 52. Kh1 g3 0-1

[Event "Hasselbacken Open 2016"]
[Site "Stockholm SWE"]
[Date "2016.04.30"]
[Round "1.10"]
[White "Vidit, Santosh Gujrathi"]
[Black "Schultze, Joerg-Martin"]
[Result "1-0"]
[WhiteTitle "GM"]
[WhiteElo "2648"]
[BlackElo "2015"]
[WhiteFideId "5029465"]
[BlackFideId "12972070"]
[EventDate "2016.04.30"]

1. d4 Nf6 2. c4 e6 3. g3 d5 4. Bg2 c6 5. Nf3 Nbd7 6. Qc2 Bd6 7. O-O O-O 8. Nbd2
Re8 9. Rd1 Qe7 10. b3 e5 11. cxd5 cxd5 12. dxe5 Nxe5 13. Bb2 Neg4 14. Rf1 Bd7
15. Rad1 Qxe2 16. Rde1 Qa6 17. h3 Rac8 18. Qb1 Nh6 19. g4 Nhxg4 20. hxg4 Nxg4
21. a4 Bf4 22. Rxe8+ Rxe8 23. Re1 Qh6 24. Rxe8+ Bxe8 25. Qf5 Bh2+ 26. Kf1 Qa6+
27. Ke1 Qe6+ 28. Qxe6 fxe6 29. Bh3 1-0

[Event "Hasselbacken Open 2016"]
[Site "Stockholm SWE"]
[Date "2016.04.30"]
[Round "1.11"]
[White "Darnell, Anton"]
[Black "Sasikiran, Krishnan"]
[Result "0-1"]
[BlackTitle "GM"]
[WhiteElo "2014"]
[BlackElo "2643"]
[WhiteFideId "1720244"]
[BlackFideId "5004985"]
[EventDate "2016.04.30"]

1. d4 Nf6 2. c4 e6 3. g3 c5 4. d5 exd5 5. cxd5 d6 6. Nc3 g6 7. Bg2 Bg7 8. Nf3
O-O 9. O-O Re8 10. Nd2 b6 11. Nc4 Ba6 12. Ne3 Nbd7 13. Qa4 Qc8 14. Nb5 Bxb5 15.
Qxb5 Ne5 16. Nc4 a6 17. Qb3 Nxc4 18. Qxc4 b5 19. Qc2 c4 20. Bf4 Qc7 21. Rac1 Nh5
22. Be3 Rxe3 23. fxe3 Qc5 24. Bf3 Nf6 25. b3 Bh6 26. Kg2 Bxe3 27. Rcd1 Nd7 28.
Qe4 Ne5 29. bxc4 bxc4 30. Rb1 c3 31. Qc2 Bd2 32. Be4 Nc4 33. Rf3 Re8 34. Rb7
Ne3+ 35. Rxe3 Qxe3 36. Bf3 Qd4 37. a3 Be1 38. Rb4 Qf2+ 39. Kh3 Qf1+ 40. Kh4 Bd2
41. Re4 Rf8 42. g4 g5+ 43. Kg3 Be1# 0-1

[Event "Hasselbacken Open 2016"]
[Site "Stockholm SWE"]
[Date "2016.04.30"]
[Round "1.12"]
[White "Mareco, Sandro"]
[Black "Marder, Simon"]
[Result "1-0"]
[WhiteTitle "GM"]
[WhiteElo "2625"]
[BlackElo "2008"]
[WhiteFideId "112275"]
[BlackFideId "1704540"]
[EventDate "2016.04.30"]

1. Nf3 Nc6 2. d4 d5 3. c4 Bg4 4. Nc3 Nf6 5. Ne5 h5 6. cxd5 Nxd5 7. Nxg4 hxg4 8.
e4 Nxc3 9. bxc3 g3 10. fxg3 e5 11. d5 Nb8 12. Be3 Nd7 13. Bb5 a6 14. Bxd7+ Qxd7
15. O-O Bd6 16. c4 Qe7 17. Qa4+ Kf8 18. Rab1 Bc5 19. Rf3 b5 20. Rxb5 Bxe3+ 21.
Rxe3 c6 22. Rb6 cxd5 23. exd5 Qc5 24. Qa3 1-0

[Event "Hasselbacken Open 2016"]
[Site "Stockholm SWE"]
[Date "2016.04.30"]
[Round "1.13"]
[White "Korning, Peter"]
[Black "Bachmann, Axel"]
[Result "0-1"]
[BlackTitle "GM"]
[WhiteElo "2006"]
[BlackElo "2621"]
[WhiteFideId "1723332"]
[BlackFideId "3700488"]
[EventDate "2016.04.30"]

1. e4 e5 2. Nf3 Nc6 3. Bb5 a6 4. Bxc6 dxc6 5. O-O f6 6. d4 exd4 7. Nxd4 c5 8.
Ne2 Be6 9. Nbc3 Ne7 10. Bf4 b6 11. Qxd8+ Kxd8 12. Rad1+ Kc8 13. Nd5 Nxd5 14.
exd5 Bf5 15. c4 Kd7 16. Rfe1 Re8 17. Ng3 Rxe1+ 18. Rxe1 Bd3 19. b3 b5 20. cxb5
axb5 21. a4 b4 22. Nf1 c4 23. bxc4 b3 24. Bc1 Bb4 25. Re3 Bc2 26. Bb2 Ra8 27. g4
Rxa4 28. g5 fxg5 29. Bxg7 Ra2 30. Rg3 h6 31. Rh3 b2 32. Bxb2 Rxb2 33. Rxh6 Be4
34. Re6 Bf5 35. Rf6 Bh3 0-1

[Event "Hasselbacken Open 2016"]
[Site "Stockholm SWE"]
[Date "2016.04.30"]
[Round "1.14"]
[White "Onischuk, Vladimir"]
[Black "Storme, Isak"]
[Result "1-0"]
[WhiteTitle "GM"]
[WhiteElo "2620"]
[BlackElo "2006"]
[WhiteFideId "14114038"]
[BlackFideId "1728113"]
[EventDate "2016.04.30"]

1. e4 c5 2. Nf3 d6 3. d4 cxd4 4. Nxd4 Nf6 5. Nc3 g6 6. g3 Nc6 7. Bg2 Nxd4 8.
Qxd4 Bg7 9. e5 Nd7 10. Qa4 O-O 11. exd6 Nc5 12. Qa3 Qxd6 13. O-O Ne4 14. Qxd6
Nxd6 15. Nd5 e6 16. Ne7+ Kh8 17. Rd1 Nf5 18. Nxf5 exf5 19. Bf4 Bxb2 20. Rab1 Bg7
21. a4 a5 22. c4 Be6 23. c5 Rac8 24. Bd6 Ba2 25. Rxb7 Rfd8 26. c6 Re8 27. c7 Bf8
28. Bc6 Bxd6 29. Bxe8 Rxc7 30. Rb8 Bf8 31. Rd7 Rxd7 32. Bxd7 Kg7 33. Rb2 Bc4 34.
Bb5 Be6 35. Rc2 Bb4 36. Bc4 Bxc4 37. Rxc4 Kf6 38. Kf1 h5 39. Ke2 Ke5 40. Kd3 Kd5
41. Rc7 Ke6 42. Rc6+ Kd5 43. Rf6 Be1 44. f3 h4 45. gxh4 Bxh4 46. Rxf7 Ke5 47.
Rg7 Kf6 48. Rb7 Kg5 49. Ke2 Kh6 50. Rd7 Bf6 51. Kd3 Bh4 52. Rd5 Be1 53. Re5 Bb4
54. Rb5 Be1 55. Rb1 Bh4 56. Kc4 Kg5 57. Rd1 Kf4 58. Rd4+ Kg5 59. Kd5 Bf2 60. Rc4
Be3 61. Ke6 f4 62. Ke5 Kh4 63. Rc6 Kh5 64. Rc8 Kg5 65. Ke4 Kh4 66. Ra8 Bd2 67.
Rh8+ Kg5 68. Rd8 Bb4 69. Rd5+ Kh4 70. Kxf4 g5+ 71. Kf5 Bc3 72. Rd7 1-0

[Event "Hasselbacken Open 2016"]
[Site "Stockholm SWE"]
[Date "2016.04.30"]
[Round "1.15"]
[White "Janse, Alexander"]
[Black "Landa, Konstantin"]
[Result "0-1"]
[BlackTitle "GM"]
[WhiteElo "2004"]
[BlackElo "2618"]
[WhiteFideId "36052175"]
[BlackFideId "4101685"]
[EventDate "2016.04.30"]

1. Nf3 c5 2. e4 e6 3. d4 cxd4 4. Nxd4 a6 5. g3 d5 6. Nd2 dxe4 7. Nxe4 e5 8. Nb3
Qxd1+ 9. Kxd1 Nc6 10. Bg2 Bg4+ 11. f3 Be6 12. Ke2 f5 13. Ned2 Nf6 14. c3 Be7 15.
Re1 h5 16. Nf1 h4 17. Kf2 h3 18. Bh1 Kf7 19. f4 e4 20. Be3 Rad8 21. Nd4 Ng4+ 22.
Kg1 Nxe3 23. Nxe6 Nc2 24. Nxd8+ Rxd8 25. Kf2 Bc5+ 26. Ke2 Nxa1 27. Rxa1 Ne7 28.
Ne3 Bxe3 29. Kxe3 Nd5+ 30. Ke2 Nf6 0-1

[Event "Hasselbacken Open 2016"]
[Site "Stockholm SWE"]
[Date "2016.04.30"]
[Round "1.16"]
[White "Maze, Sebastien"]
[Black "Subramanian, Aditya"]
[Result "1-0"]
[WhiteTitle "GM"]
[WhiteElo "2617"]
[BlackElo "2002"]
[WhiteFideId "613762"]
[BlackFideId "1718924"]
[EventDate "2016.04.30"]

1. e4 e5 2. Nf3 Nc6 3. Bb5 Nf6 4. d3 Bc5 5. Bxc6 dxc6 6. Nbd2 Be6 7. O-O Nd7 8.
Nb3 Bb6 9. Ng5 Bxb3 10. axb3 f6 11. Nh3 O-O 12. Kh1 Qe7 13. Qg4 Rad8 14. Bd2 a6
15. Bc3 Rfe8 16. f4 Be3 17. Qg3 Bxf4 18. Nxf4 exf4 19. Rxf4 Nf8 1-0

[Event "Hasselbacken Open 2016"]
[Site "Stockholm SWE"]
[Date "2016.04.30"]
[Round "1.17"]
[White "Douhan, David"]
[Black "Bok, Benjamin"]
[Result "0-1"]
[BlackTitle "GM"]
[WhiteElo "2001"]
[BlackElo "2604"]
[WhiteFideId "1711512"]
[BlackFideId "1017063"]
[EventDate "2016.04.30"]

1. e4 c5 2. Nf3 d6 3. d4 cxd4 4. Nxd4 Nf6 5. Nc3 a6 6. Bg5 Nbd7 7. f4 Qc7 8. f5
b5 9. Bd3 Bb7 10. a3 g6 11. Qe2 Bg7 12. O-O-O Rc8 13. Rhf1 O-O 14. h3 Qb6 15.
Nb3 Rxc3 16. bxc3 Qc7 17. Bd2 Rc8 18. fxg6 hxg6 19. Qf2 Ne5 20. Kb1 Bxe4 21.
Bxe4 Nxe4 22. Qe1 d5 23. Nd4 Qc5 24. Nb3 Qd6 25. Rf4 Nc4 26. Rxe4 dxe4 27. Bc1
Qe5 28. Rd4 e3 29. Qe2 e6 30. Ka2 Qf5 31. Rd3 Qf2 32. Qxf2 exf2 33. Rf3 Bxc3 34.
Rxf2 Bg7 35. Re2 Rd8 36. Re1 Rd5 37. Kb1 a5 38. Ka2 a4 39. Na1 Bc3 40. Rg1 e5 0-1

[Event "Hasselbacken Open 2016"]
[Site "Stockholm SWE"]
[Date "2016.04.30"]
[Round "1.18"]
[White "Goganov, Aleksey"]
[Black "Muganlinskij, Hussein"]
[Result "1-0"]
[WhiteTitle "GM"]
[WhiteElo "2591"]
[BlackElo "1995"]
[WhiteFideId "24109959"]
[BlackFideId "1722581"]
[EventDate "2016.04.30"]

1. d4 d5 2. c4 c6 3. Nf3 Nf6 4. e3 g6 5. Nc3 Bg7 6. Be2 O-O 7. O-O Qb6 8. b3 Bg4
9. Ba3 Qa5 10. Qc1 Re8 11. h3 Bxf3 12. Bxf3 e6 13. b4 Qd8 14. b5 a6 15. bxc6
Nxc6 16. Rb1 Rc8 17. cxd5 Nxd5 18. Bxd5 Nxd4 19. exd4 exd5 20. Rxb7 Bxd4 21. Qf4
Qf6 22. Qxf6 Bxf6 23. Nxd5 Bg5 24. Be7 1-0

[Event "Hasselbacken Open 2016"]
[Site "Stockholm SWE"]
[Date "2016.04.30"]
[Round "1.19"]
[White "Dahlstrom, Rickard"]
[Black "Sevian, Samuel"]
[Result "0-1"]
[BlackTitle "GM"]
[WhiteElo "1994"]
[BlackElo "2589"]
[WhiteFideId "1702050"]
[BlackFideId "2040506"]
[EventDate "2016.04.30"]

1. c4 e5 2. Nc3 Nc6 3. Nf3 Nf6 4. d4 e4 5. Nd2 Bb4 6. e3 O-O 7. Qc2 Re8 8. a3
Bxc3 9. Qxc3 d6 10. Be2 Bf5 11. Nf1 h5 12. Ng3 Bg6 13. Bd1 h4 14. Ne2 Bh5 15. h3
Qd7 16. Ba4 Bxe2 17. Bxc6 Qxc6 18. Kxe2 b5 19. b3 Nd5 20. Qc2 bxc4 21. Qxc4
Qxc4+ 22. bxc4 Nb6 23. c5 dxc5 24. dxc5 Na4 25. Bd2 Nxc5 26. Rac1 Re5 27. Bb4
Ne6 28. Rc6 Rg5 29. Rg1 Rb8 30. f4 exf3+ 31. Kxf3 a5 32. Be7 Rg3+ 33. Ke4 Rb3
34. Re1 Rxg2 35. Bxh4 Rxa3 36. Be7 Rb3 37. Ra6 Rg3 38. Rxa5 Rxh3 39. Re5 Rc3 40.
Kf5 Rc4 41. Bg5 Rf3+ 42. Bf4 Rcxf4+ 0-1

[Event "Hasselbacken Open 2016"]
[Site "Stockholm SWE"]
[Date "2016.04.30"]
[Round "1.20"]
[White "Rozentalis, Eduardas"]
[Black "Smits, Frans"]
[Result "0-1"]
[WhiteTitle "GM"]
[WhiteElo "2584"]
[BlackElo "1993"]
[WhiteFideId "12800023"]
[BlackFideId "1026216"]
[EventDate "2016.04.30"]

1. e4 e6 2. d4 d5 3. Nd2 Nf6 4. e5 Nfd7 5. Bd3 c5 6. c3 Nc6 7. Ne2 cxd4 8. cxd4
f6 9. exf6 Nxf6 10. Nf3 Bd6 11. O-O Qc7 12. Bd2 O-O 13. Rc1 Bd7 14. b4 a6 15.
Qc2 Rae8 16. a4 Qb8 17. b5 axb5 18. axb5 Ne7 19. Qb1 Kh8 20. Bb4 Ng4 21. Ng3 Nf5
22. Bxd6 Qxd6 23. Rce1 Qf4 24. Ne5 Nxe5 25. dxe5 Nh6 26. Qc1 Ng4 27. Qxf4 Rxf4
28. h3 Rd4 29. hxg4 Rxd3 30. b6 Rc8 31. Rc1 Rdc3 32. Ne2 Rc2 33. Rxc2 Rxc2 34.
Ra1 h6 35. Nd4 Rc4 36. Nb3 Rc3 37. Ra8+ Kh7 38. Na5 Bc6 39. Rd8 Rc1+ 40. Kh2 d4
41. Nxc6 Rxc6 42. Rd6 d3 43. Rxd3 Rxb6 44. Rd6 Rc6 45. f4 Ra6 46. Kh3 Rc6 47. g3 0-1

[Event "Hasselbacken Open 2016"]
[Site "Stockholm SWE"]
[Date "2016.04.30"]
[Round "1.21"]
[White "Broden, Per"]
[Black "Stefansson, Hannes"]
[Result "0-1"]
[BlackTitle "GM"]
[WhiteElo "1992"]
[BlackElo "2581"]
[WhiteFideId "1713922"]
[BlackFideId "2300087"]
[EventDate "2016.04.30"]

1. Nf3 Nf6 2. c4 b6 3. Nc3 Bb7 4. d3 g6 5. e3 Bg7 6. Be2 O-O 7. O-O c5 8. d4
cxd4 9. exd4 d5 10. Ne5 Nc6 11. Bf3 Na5 12. b3 Rc8 13. Ba3 dxc4 14. Bxb7 Nxb7
15. bxc4 Na5 16. c5 Nd7 17. Qe2 bxc5 18. f4 Nxe5 19. Rad1 Nd7 20. Nd5 e6 0-1

[Event "Hasselbacken Open 2016"]
[Site "Stockholm SWE"]
[Date "2016.04.30"]
[Round "1.22"]
[White "Donchenko, Alexander"]
[Black "Sparv, Joakim"]
[Result "1-0"]
[WhiteTitle "GM"]
[WhiteElo "2573"]
[BlackElo "1986"]
[WhiteFideId "24603295"]
[BlackFideId "1715534"]
[EventDate "2016.04.30"]

1. d4 Nf6 2. Nf3 e6 3. c4 c5 4. g3 g6 5. Bg2 Bg7 6. O-O O-O 7. Nc3 d6 8. dxc5
dxc5 9. Bf4 Na6 10. Qxd8 Rxd8 11. Rfd1 Re8 12. Nb5 Nh5 13. Be5 f6 14. Nd6 Re7
15. Bc3 e5 16. Ne1 f5 17. e4 Rb8 18. Bh3 Be6 19. exf5 gxf5 20. Bxf5 Nc7 21.
Bxe6+ Rxe6 22. Nf5 Rf8 23. Nxg7 Nxg7 24. Rd7 Nce8 25. Nd3 e4 26. Nxc5 1-0

[Event "Hasselbacken Open 2016"]
[Site "Stockholm SWE"]
[Date "2016.04.30"]
[Round "1.23"]
[White "Mehringer, Joerg"]
[Black "Vorobiov, Evgeny E."]
[Result "0-1"]
[WhiteTitle "AIM"]
[BlackTitle "GM"]
[WhiteElo "1982"]
[BlackElo "2572"]
[WhiteFideId "12915351"]
[BlackFideId "4121341"]
[EventDate "2016.04.30"]

1. e4 c5 2. g3 d5 3. exd5 Qxd5 4. Nf3 Bg4 5. Bg2 Qe6+ 6. Kf1 Nc6 7. h3 Bh5 8. d3
Qd7 9. g4 Bg6 10. Bf4 f6 11. Nc3 e5 12. Bg3 Rd8 13. Nh4 Bf7 14. Nf5 Nge7 15. Ne3
Ng6 16. Ncd5 Bd6 17. Nf5 Be6 18. Nxd6+ Qxd6 19. Ne3 O-O 20. Be4 c4 21. Kg2 cxd3
22. cxd3 Nb4 23. Qa4 Nxd3 24. Rhd1 Ngf4+ 25. Bxf4 Nxf4+ 26. Kh2 Qb8 27. b3 Rd4
28. Rxd4 exd4 29. Nf5 Bxf5 30. Bxf5 b5 31. Qa5 Qb7 32. Kg3 Qg2+ 0-1

[Event "Hasselbacken Open 2016"]
[Site "Stockholm SWE"]
[Date "2016.04.30"]
[Round "1.24"]
[White "Burmakin, Vladimir"]
[Black "Franzen, Thomas"]
[Result "1-0"]
[WhiteTitle "GM"]
[WhiteElo "2554"]
[BlackElo "1980"]
[WhiteFideId "4105109"]
[BlackFideId "1706039"]
[EventDate "2016.04.30"]

1. Nf3 Nf6 2. g3 g6 3. b3 Bg7 4. Bb2 O-O 5. Bg2 d6 6. d4 c6 7. O-O Bf5 8. c4 Qd7
9. Re1 Bh3 10. e4 Bxg2 11. Kxg2 Rd8 12. Qe2 Na6 13. Nc3 Nc7 14. Rad1 Qe8 15. e5
dxe5 16. Nxe5 Ne6 17. Qe3 Nf8 18. Ba3 e6 19. Qf3 N8d7 20. Bd6 Rac8 21. c5 Nxe5
22. dxe5 Nd5 23. Ne4 Rd7 24. h4 h5 25. g4 hxg4 26. Qxg4 Bxe5 27. Bxe5 f5 28.
Rxd5 Rxd5 29. Nf6+ Kf8 30. Qg5 Qf7 31. Bd6+ Kg7 32. Nxd5 cxd5 33. h5 Re8 34. Kf3
b6 35. Be5+ 1-0

[Event "Hasselbacken Open 2016"]
[Site "Stockholm SWE"]
[Date "2016.04.30"]
[Round "1.25"]
[White "Cramling Bellon, Anna"]
[Black "Van Foreest, Jorden"]
[Result "0-1"]
[BlackTitle "GM"]
[WhiteElo "1977"]
[BlackElo "2551"]
[WhiteFideId "32009232"]
[BlackFideId "1039784"]
[EventDate "2016.04.30"]

1. d4 d5 2. c4 c6 3. Nf3 Nf6 4. Nc3 dxc4 5. a4 e6 6. e3 c5 7. Bxc4 Nc6 8. O-O
Be7 9. dxc5 Qxd1 10. Rxd1 Bxc5 11. Nb5 Ke7 12. Bd2 Bd7 13. a5 Rhc8 14. Rac1 a6
15. Nbd4 Nxd4 16. exd4 Bd6 17. Bd3 Bb5 18. Bxb5 axb5 19. Ne5 Nd5 20. b4 f6 21.
Nd3 Rc4 22. Nc5 Rxd4 23. Nxb7 Bxb4 24. Bxb4+ Rxb4 25. Rc6 Rc4 26. Rc1 Rxc1+ 27.
Rxc1 Ra7 28. Nc5 Rxa5 29. Re1 e5 30. g3 b4 31. Nb3 Ra3 32. Nd2 Rd3 33. Nc4 Nc3
34. Kg2 Ke6 35. Ne3 b3 36. Nc4 Kd5 37. Na3 b2 0-1

[Event "Hasselbacken Open 2016"]
[Site "Stockholm SWE"]
[Date "2016.04.30"]
[Round "1.26"]
[White "Tari, Aryan"]
[Black "Dadabaev, J"]
[Result "1-0"]
[WhiteTitle "IM"]
[WhiteElo "2549"]
[BlackElo "1975"]
[WhiteFideId "1510045"]
[BlackFideId "13801236"]
[EventDate "2016.04.30"]

1. e4 c5 2. Nf3 d6 3. d4 cxd4 4. Qxd4 e5 5. Qe3 Be7 6. c4 Nf6 7. h3 O-O 8. Nc3
Nc6 9. Be2 h6 10. O-O Nh7 11. Nd5 Be6 12. Nxe7+ Qxe7 13. b3 f5 14. exf5 Bxf5 15.
Ba3 Rf6 16. Rad1 Rd8 17. b4 Rg6 18. Kh1 e4 19. Nd4 Nxd4 20. Rxd4 Qh4 21. Rfd1
Ng5 22. Qg3 Qxg3 23. fxg3 Ne6 24. Rd5 Rxg3 25. Bc1 Rf8 26. Rxd6 Rc3 27. g4 Rc2
28. Bf1 e3 29. gxf5 Ng5 30. Bxe3 Ne4 31. Rd8 Rxa2 32. Bg2 Ng3+ 33. Kg1 Nxf5 34.
Bd5+ 1-0